<?xml version="1.0" encoding="UTF-8"?><?xml-stylesheet type="text/xsl" href="static/style.xsl"?><OAI-PMH xmlns="http://www.openarchives.org/OAI/2.0/" xmlns:xsi="http://www.w3.org/2001/XMLSchema-instance" xsi:schemaLocation="http://www.openarchives.org/OAI/2.0/ http://www.openarchives.org/OAI/2.0/OAI-PMH.xsd"><responseDate>2026-06-01T10:18:33Z</responseDate><request verb="GetRecord" identifier="oai:riuma.uma.es:10630/31413" metadataPrefix="marc">https://riuma.uma.es/rest/oai/request</request><GetRecord><record><header><identifier>oai:riuma.uma.es:10630/31413</identifier><datestamp>2026-02-03T11:13:07Z</datestamp><setSpec>com_10630_2254</setSpec><setSpec>col_10630_37953</setSpec></header><metadata><record xmlns="http://www.loc.gov/MARC21/slim" xmlns:dcterms="http://purl.org/dc/terms/" xmlns:doc="http://www.lyncode.com/xoai" xmlns:xsi="http://www.w3.org/2001/XMLSchema-instance" xsi:schemaLocation="http://www.loc.gov/MARC21/slim http://www.loc.gov/standards/marcxml/schema/MARC21slim.xsd">
   <leader>00925njm 22002777a 4500</leader>
   <datafield ind2=" " ind1=" " tag="042">
      <subfield code="a">dc</subfield>
   </datafield>
   <datafield ind2=" " ind1=" " tag="720">
      <subfield code="a">Cerrillo-González, María del Mar</subfield>
      <subfield code="e">author</subfield>
   </datafield>
   <datafield ind2=" " ind1=" " tag="720">
      <subfield code="a">Villén-Guzmán, María Dolores</subfield>
      <subfield code="e">author</subfield>
   </datafield>
   <datafield ind2=" " ind1=" " tag="720">
      <subfield code="a">Rivas-Bascon, Alvaro</subfield>
      <subfield code="e">author</subfield>
   </datafield>
   <datafield ind2=" " ind1=" " tag="720">
      <subfield code="a">Rodríguez-Maroto, José Miguel</subfield>
      <subfield code="e">author</subfield>
   </datafield>
   <datafield ind2=" " ind1=" " tag="720">
      <subfield code="a">Paz-García, Juan Manuel</subfield>
      <subfield code="e">author</subfield>
   </datafield>
   <datafield ind2=" " ind1=" " tag="260">
      <subfield code="c">2024-08</subfield>
   </datafield>
   <datafield ind2=" " ind1=" " tag="520">
      <subfield code="a">Recovery of cobalt and lithium from end-of-life Li-ion battery wastes have been evaluated in batch and semi-&#xd;
batch leaching systems. In this preliminary study, HCl and H2O2 were used as leaching and reducing agents,&#xd;
respectively. The comparison of batch and semi-batch processes was carried out, obtaining an improvement from&#xd;
40% to 70% in the metal mass extracted (i.e. Co and Li) for semi-batch experiments under the same experimental&#xd;
conditions. Effects of the initial concentration of reducing and leaching agents were evaluated for a semi-batch&#xd;
system in which the acid was continuously fed to maintain a constant pH value. From experimental results, it was&#xd;
found that the concentration of H2O2 plays an important role in the leaching process in terms of selectivity. For&#xd;
the experiments carried out using 0.1 M of HCl and 1 M of H2O2, the percentage of Li and Co extracted was 90%&#xd;
for a leaching time of 30 min. The double-controlled addition of HCl and H2O2 to the semi-batch system allows&#xd;
the reduction of the H2O2 concentration to 0.5 M. The optimization of reactants entails not only the decrease of&#xd;
their consumption but also maximize the selectivity of the reactions desired, which represents promising results&#xd;
for the environmental sustainability of the process. Further work will examine the fate of chloride ions in the&#xd;
process.</subfield>
   </datafield>
   <datafield ind1="8" ind2=" " tag="024">
      <subfield code="a">Cerrillo-Gonzalez, Maria del Mar , Villen-Guzman, Maria, Rivas-Bascon , Alvaro ,Rodriguez-Maroto, Jose Miguel , Paz-Garcia, Juan Manuel (2024). A comparison of batch and semi-batch reactors for leaching battery cathodes (LiCoO2) under controlled addition of HCl and H2O2, Hydrometallurgy, Volume 227, 2024, 106334, ISSN 0304-386X</subfield>
   </datafield>
   <datafield ind1="8" ind2=" " tag="024">
      <subfield code="a">https://hdl.handle.net/10630/31413</subfield>
   </datafield>
   <datafield ind1="8" ind2=" " tag="024">
      <subfield code="a">10.1016/j.hydromet.2024.106334</subfield>
   </datafield>
   <datafield tag="653" ind2=" " ind1=" ">
      <subfield code="a">Lixiviación</subfield>
   </datafield>
   <datafield tag="653" ind2=" " ind1=" ">
      <subfield code="a">Pilas de litio</subfield>
   </datafield>
   <datafield tag="653" ind2=" " ind1=" ">
      <subfield code="a">Reciclado</subfield>
   </datafield>
   <datafield ind2="0" ind1="0" tag="245">
      <subfield code="a">A comparison of batch and semi-batch reactors for leaching battery cathodes (LiCoO2) under controlled addition of HCl and H2O2</subfield>
   </datafield>
</record>
</metadata></record></GetRecord></OAI-PMH>